Los cinco se escapan / (Registro nro. 8384)

Detalles MARC
000 -LIDER
fixed length control field 00851nam a22002777a 4500
001 - NÚMERO DE CONTROL
Identificador de número de control 0074
003 - IDENTIFICACDOR DE NÚMERO DE CONTROL
control field DO-SdBNP
005 - DATE AND TIME OF LATEST TRANSACTION
control field 20180119092839.0
007 - CAMPOS FIJOS DE DESCRIPCIÓN FÍSICA
fixed length control field 0074
008 - ELEMENTOS DE LONGITUD FIJA
fixed length control field 151015b sp 1971 xxu a 00| 0 spa d
040 ## - FUENTE DE CATALOGACIÓN
Agencia que crea de manera original el registro BPMSU
Idioma de catalogación spa
Agencia que realiza la transcripción BPMSU
092 ## - LOCALLY ASSIGNED DEWEY DECIMAL CALL NUMBER
Número de clasificación xxxxxxx
Número de ítem (Cutter) xxxxxxx
100 14 - ASIENTO PRINCIPAL -- NOMBRE PERSONAL
Nombre personal Blyton, Enid
Fechas asociadas con el nombre 1897-1968
240 1# - TITULO UNIFORME
Título uniforme Five run away together /
Idioma de una obra eng.
245 14 - MENCIÓN DE TITULO
Título Los cinco se escapan /
Mención de responsabilidad Enid Blyton ; traducción Juan Rios de la Rosa ; ilustración José Correas
250 ## - MENCIÓN DE EDICION
Mención de edición 5a. ed.
260 ## - PUBLICACIÓN, DISTRIBUCIÓN, ETC. (PIE DE IMPRENTA)
Lugar de publicación, distribución, etc Barcelona, España :
Nombre del editor, distribuidor, etc. Juventud,
Fecha de publicación, distribución, etc 1971.
300 ## - DESCRIPCIÓN FÍSICA
Extensión 160 p. :
Otros detalles físicos il.,
Dimensiones 20 cm.
490 0# - MENCIÓN DE SERIES
Mención de serie Los cinco
Volume/sequential designation 24
700 10 - ASIENTO SECUNDARIO -- NOMBRE PERSONAL
Nombre personal Rios de la Rosa, Juan
Mención de responsabilidad tr.
700 10 - ASIENTO SECUNDARIO -- NOMBRE PERSONAL
Nombre personal Correas, José,
Mención de responsabilidad il.
830 #0 - ASIENTO SECUNDARIO DE SERIE--TÍTULO UNIFORME
Título uniforme Los cinco
Número de la parte o sección de una obra 24
942 ## - ADDED ENTRY ELEMENTS (KOHA)
Source of classification or shelving scheme Dewey Decimal Classification
Koha item type Libros
945 ## - INFORMACIÓN DE PROCESAMIENTO LOCAL
Información de procesamiento local Inventariado, 2018 / YL
956 ## - LOCAL ELECTRONIC LOCATION AND ACCESS (OCLC)
Nombre de host Yngrid Lockward
Método de acceso YLOCKWARD
Materiales especificados 10
Campo enlazado y núm. de secuencia BPMSU
Información de compresión 20161019
Existencias
Withdrawn status Lost status Source of classification or shelving scheme Damaged status Not for loan Collection code Home library Current library Date acquired Source of acquisition Total Checkouts Barcode Date last seen Price effective from Koha item type Copy number
    Dewey Decimal Classification     Colección Juvenil General Biblioteca Pública Metropolitana Salomé Ureña Biblioteca Pública Metropolitana Salomé Ureña 10/15/2015 Donación   BPMSU15100112 10/15/2015 10/15/2015 Libros  
    Dewey Decimal Classification     Colección Juvenil General Biblioteca Pública Metropolitana Salomé Ureña Biblioteca Pública Metropolitana Salomé Ureña 11/08/2017 Donación   BPMSU17110061 11/08/2017 11/08/2017 Libros e. 2